Top 200 baby girl names in the 1990s - USA - Statistics

General Stats
  • This quiz has been taken 446 times
  • The average score is 117 of 200
Answer Stats
Answer % Correct
137 A Ana
94%
1 J Jessica
91%
35 A Anna
90%
56 E Emma
90%
16 J Jennifer
90%
43 S Sara
90%
4 S Sarah
90%
3 E Emily
89%
11 H Hannah
87%
39 M Mary
87%
8 E Elizabeth
86%
55 J Julia
86%
61 K Kristen
86%
116 K Kristin
86%
6 A Amanda
85%
73 K Kathryn
84%
186 A Ashlee
83%
2 A Ashley
83%
13 L Lauren
83%
19 V Victoria
83%
86 C Catherine
82%
125 J Julie
82%
27 K Katherine
82%
49 L Laura
82%
47 M Maria
82%
130 R Rachael
82%
5 S Samantha
82%
110 A Alexa
81%
64 A Amy
81%
15 R Rachel
81%
14 S Stephanie
81%
158 A Alison
79%
41 A Allison
79%
17 N Nicole
79%
23 R Rebecca
79%
52 N Natalie
78%
93 C Caroline
77%
40 C Christina
77%
119 K Kristina
77%
31 M Melissa
77%
175 M Meagan
76%
103 M Meghan
76%
151 R Rebekah
76%
87 B Brittney
75%
24 D Danielle
75%
38 O Olivia
75%
28 A Alexandra
74%
60 | 127 K Kelly
74%
36 K Kimberly
74%
10 M Megan
74%
32 M Michelle
74%
7 B Brittany
73%
89 G Grace
73%
69 K Katie
73%
9 T Taylor
73%
88 B Breanna
72%
29 M Madison
72%
42 A Abigail
71%
83 B Briana
71%
26 B Brianna
71%
12 K Kayla
71%
162 A Angel
70%
57 V Vanessa
70%
123 C Chloe
69%
22 C Courtney
69%
109 H Hailey
69%
46 H Haley
69%
150 H Hayley
69%
131 K Karen
69%
107 M Margaret
69%
18 A Alexis
68%
82 A Alicia
68%
102 C Christine
68%
132 S Sophia
68%
20 A Amber
67%
117 B Bethany
67%
184 D Deanna
67%
98 D Diana
67%
21 A Alyssa
66%
50 E Erin
66%
118 L Lisa
66%
200 M Mia
66%
51 A Andrea
65%
126 C Claire
65%
185 I Isabel
64%
76 J Jenna
64%
77 A Angela
63%
70 C Caitlin
63%
148 C Caitlyn
63%
45 H Heather
63%
191 J Jasmin
63%
108 K Kaitlin
63%
48 K Kaitlyn
63%
62 K Katelyn
63%
112 M Melanie
63%
94 M Molly
63%
37 T Tiffany
63%
183 J Joanna
61%
95 E Erika
60%
92 M Madeline
60%
58 E Erica
59%
144 K Kylie
59%
147 V Valerie
59%
111 V Veronica
59%
30 M Morgan
58%
67 C Cassandra
57%
195 E Evelyn
57%
179 Z Zoe
57%
68 G Gabrielle
56%
169 I Isabella
56%
154 J Jade
56%
174 S Sandra
56%
161 A Audrey
55%
54 B Brooke
55%
85 J Jamie
55%
90 M Monica
55%
74 J Jacqueline
54%
97 L Leah
54%
53 J Jordan
53%
133 P Patricia
53%
134 G Gabriela
52%
155 G Gabriella
52%
120 H Holly
52%
33 K Kelsey
52%
156 M Makayla
52%
141 M Michaela
52%
129 K Kathleen
51%
170 M Mikayla
51%
66 P Paige
51%
75 S Shannon
51%
80 A Alexandria
50%
143 C Carly
49%
138 K Kara
49%
104 L Lindsay
49%
71 L Lindsey
49%
178 C Chelsey
48%
96 M Mackenzie
48%
190 M Mckenzie
48%
84 M Miranda
48%
140 T Tara
48%
34 C Chelsea
47%
65 C Crystal
46%
157 D Daisy
46%
160 F Faith
46%
165 K Krystal
46%
188 M Marisa
46%
63 M Marissa
46%
124 A April
45%
149 N Natasha
45%
167 A Ariana
44%
128 B Brenda
44%
91 S Sabrina
44%
59 S Sydney
44%
99 W Whitney
44%
105 A Angelica
43%
78 S Savannah
43%
146 A Adriana
42%
101 B Bailey
42%
163 N Nancy
42%
164 D Dana
41%
159 J Jillian
41%
168 S Summer
41%
115 A Ariel
40%
114 A Autumn
40%
72 D Destiny
40%
135 K Kendra
40%
122 C Casey
39%
199 G Gina
39%
44 S Shelby
39%
81 S Sierra
39%
106 C Cynthia
38%
196 S Selena
37%
25 J Jasmine
36%
121 L Leslie
36%
153 C Cassidy
35%
113 B Bianca
34%
182 M Mallory
34%
177 K Kirsten
33%
79 M Mariah
33%
152 J Jocelyn
32%
172 K Katrina
31%
176 L Lydia
31%
142 B Brandi
30%
198 B Brandy
30%
173 K Kiara
28%
180 M Monique
28%
197 C Cindy
26%
100 C Cheyenne
25%
181 C Claudia
24%
145 K Karina
24%
187 F Felicia
22%
192 K Krista
22%
139 D Desiree
18%
136 D Dominique
16%
171 R Raven
15%
166 A Alejandra
14%
193 Y Yesenia
14%
194 D Diamond
11%
189 M Mercedes
8%
No matching quizzes found
Score Distribution
Percent of People with Each Score
Percentile by Number Answered
Your Score History
You have not taken this quiz